<?xml version="1.0" encoding="UTF-8"?>
<record
    xmlns:xsi="http://www.w3.org/2001/XMLSchema-instance"
    xsi:schemaLocation="http://www.loc.gov/MARC21/slim http://www.loc.gov/standards/marcxml/schema/MARC21slim.xsd"
    xmlns="http://www.loc.gov/MARC21/slim">

  <leader>00994    a2200181   4500</leader>
  <controlfield tag="001">122061</controlfield>
  <datafield tag="040" ind1=" " ind2=" ">
    <subfield code="c">Escola Canadense de Niteroi</subfield>
  </datafield>
  <datafield tag="090" ind1=" " ind2=" ">
    <subfield code="a">LAR - T3</subfield>
  </datafield>
  <datafield tag="100" ind1=" " ind2=" ">
    <subfield code="a">Lara, G&#xEA;</subfield>
  </datafield>
  <datafield tag="245" ind1="1" ind2="0">
    <subfield code="a">Tund&#xE9; no Mundo da Lua</subfield>
  </datafield>
  <datafield tag="250" ind1=" " ind2=" ">
    <subfield code="a">1.ed.</subfield>
  </datafield>
  <datafield tag="260" ind1=" " ind2=" ">
    <subfield code="a">Divin&#xF3;polis</subfield>
  </datafield>
  <datafield tag="300" ind1=" " ind2=" ">
    <subfield code="b">il.</subfield>
    <subfield code="c">4 x 21 x 0.4 cm</subfield>
  </datafield>
  <datafield tag="362" ind1="0" ind2=" ">
    <subfield code="a">2014</subfield>
  </datafield>
  <datafield tag="520" ind1=" " ind2=" ">
    <subfield code="a">Tund&#xE9;! E isso l&#xE1; &#xE9; nome de gente? Pode at&#xE9; n&#xE3;o ser um nome, mas simboliza o voo da imagina&#xE7;&#xE3;o de uma crian&#xE7;a, que ao desejar intensamente, pode transformar tudo em realidade, at&#xE9; mesmo uma viagem ao distante mundo da Lua. Foi atrav&#xE9;s desta premissa que o m&#xFA;sico e compositor G&#xEA; Lara, escreveu &#x201C;Tund&#xE9; no mundo da Lua&#x201D;, livro que marca sua estreia liter&#xE1;ria e que conta a hist&#xF3;ria de Tund&#xE9;, um menino que atrav&#xE9;s de seu forte desejo em conhecer a Lua, se esfor&#xE7;a ao longo da vida para ultrapassar as barreiras impostas pela desconfian&#xE7;a de todos, mas sem nunca esquecer seu passado.</subfield>
  </datafield>
  <datafield tag="650" ind1=" " ind2="4">
    <subfield code="a">Literatura Infantil</subfield>
  </datafield>
  <datafield tag="942" ind1=" " ind2=" ">
    <subfield code="c">BK</subfield>
  </datafield>
  <datafield tag="952" ind1=" " ind2=" ">
    <subfield code="0">0</subfield>
    <subfield code="1">0</subfield>
    <subfield code="4">0</subfield>
    <subfield code="7">0</subfield>
    <subfield code="a">80.1</subfield>
    <subfield code="b">80.1</subfield>
    <subfield code="d">2024-02-09</subfield>
    <subfield code="l">0</subfield>
    <subfield code="o">LAR - T3</subfield>
    <subfield code="p">A25964</subfield>
    <subfield code="r">2024-02-09 21:17:58</subfield>
    <subfield code="w">2024-02-09</subfield>
    <subfield code="y">BK</subfield>
  </datafield>
  <datafield tag="999" ind1=" " ind2=" ">
    <subfield code="c">122061</subfield>
    <subfield code="d">122061</subfield>
  </datafield>
</record>
